ARRUPE JESUIT UNIVERSITY

CORONAVIRUS -STOP THE SPREAD - CLEAN,DISINFECT,COVER

The Wilson reader. (Record no. 125848)

MARC details
000 -LEADER
fixed length control field 00795cam a22002531 4500
001 - CONTROL NUMBER
control field 10272084
003 - CONTROL NUMBER IDENTIFIER
control field ARRUPE
005 - DATE AND TIME OF LATEST TRANSACTION
control field 20161207094003.0
008 - FIXED-LENGTH DATA ELEMENTS--GENERAL INFORMATION
fixed length control field 741209s1956 nyu b 000 0 eng
010 ## - LIBRARY OF CONGRESS CONTROL NUMBER
LC control number 56001842
035 ## - SYSTEM CONTROL NUMBER
System control number (OCoLC)1101267
040 ## - CATALOGING SOURCE
Original cataloging agency DLC
Transcribing agency TxU-Da
Modifying agency OCoLC
-- DLC
050 00 - LIBRARY OF CONGRESS CALL NUMBER
Classification number E742.5
Item number .W5
082 00 - DEWEY DECIMAL CLASSIFICATION NUMBER
Classification number 973.91/3/092
300 ## - PHYSICAL DESCRIPTION
Dimensions 19 cm.
100 1# - MAIN ENTRY--PERSONAL NAME
Personal name Wilson, Woodrow,
Dates associated with a name 1856-1924.
9 (RLIN) 20441
245 14 - TITLE STATEMENT
Title The Wilson reader.
Statement of responsibility, etc Selected and edited by Frances Farmer.
260 ## - PUBLICATION, DISTRIBUTION, ETC. (IMPRINT)
Place of publication, distribution, etc New York,
Name of publisher, distributor, etc Oceana Publications,
Date of publication, distribution, etc 1956.
300 ## - PHYSICAL DESCRIPTION
Extent 286 p.
490 0# - SERIES STATEMENT
Series statement Docket series,
Volume number/sequential designation v. 4
504 ## - BIBLIOGRAPHY, ETC. NOTE
Bibliography, etc Bibliography: p. 277-279. "Books by Woodrow Wilson": p. 280.
700 ## - ADDED ENTRY--PERSONAL NAME
Personal name Farmer, Frances
Relator term ed.
9 (RLIN) 27974
906 ## - LOCAL DATA ELEMENT F, LDF (RLIN)
a 7
b cbc
c oclcrpl
d u
e ncip
f 19
g y-gencatlg
942 ## - ADDED ENTRY ELEMENTS (KOHA)
Source of classification or shelving scheme Library of Congress Classification
Koha item type Monograph ( Printed materials)
Holdings
Withdrawn status Lost status Source of classification or shelving scheme Damaged status Not for loan Collection code Home library Current library Shelving location Date acquired Total Checkouts Full call number Barcode Date last seen Price effective from Koha item type
    Library of Congress Classification     Main Collection ARRUPE LIBRARY ARRUPE LIBRARY Main Collection 02/12/2016   E742.5 .W5 46500020888 13/12/2017 02/12/2016 Monograph ( Printed materials)

 

Arrupe Library. PO Box MP320 Mt Pleasant, Harare, Zimbabwe
263 242 745411|librarian@aju.ac.zw